Biggest European Cities - Whammies - Statistics

General Stats
  • This quiz has been taken 803 times
  • The average score is 14 of 25
Answer Stats
City % Correct
London
98%
Paris
98%
Berlin
94%
Madrid
93%
Barcelona
85%
Moscow
81%
Rome
81%
Istanbul
70%
Milan
68%
Munich
64%
Hamburg
62%
Saint Petersburg
60%
Amsterdam
55%
Warsaw
49%
Athens
45%
Kyiv
44%
Naples
42%
Birmingham
41%
Manchester
40%
Lisbon
35%
Frankfurt am Main
29%
Budapest
27%
Brussels
26%
Rotterdam / The Hague
14%
Stuttgart
4%
No matching quizzes found
Score Distribution
Percent of People with Each Score
Percentile by Number Answered
Your Score History
You have not taken this quiz